| 000 | 00387nam a2200157Ia 4500 | ||
|---|---|---|---|
| 008 | 240401s2022 xx und d | ||
| 041 | _aeng | ||
| 082 | _a615/MUD | ||
| 100 | _aMRS. PAMBA P | ||
| 245 | _aA PRACTICAL BOOK OF PHARMACOLOGY -I | ||
| 250 | _a2 | ||
| 260 |
_aPUNE _bNIRALI PRAKASHAN _c2022 |
||
| 300 | _aP.B/54 | ||
| 650 | _aPHARMACOLOGY | ||
| 650 | _aPHARMACOLOGY -I | ||
| 999 |
_c1152163 _d1152163 |
||